Brasilian kaupunkeja kartalla - Statistics

Yleistilastot
  • Tätä visaa on pelattu 410 kertaa
  • Keskiarvotulos 8 / 14
Vastaukset kartalla
Vastauksille on annettu kartalla punavihreä väri sen mukaan, kuinka moni on saanut sen oikein.
 
Vastaustilastot
Vastaus % Oikein
Brasília
88%
Rio de Janeiro
79%
São Paulo
79%
Manaus
67%
Belo Horizonte
53%
Fortaleza
53%
Belém
52%
Porto Alegre
51%
Salvador
48%
Porto Velho
40%
Curitiba
39%
Campo Grande
37%
Cuiabá
37%
Teresina
37%
Ehtoja vastaavia visoja ei löytynyt
Tulosjakauma
Jokaisen tuloksen saaneiden osuus
Persentiili vastausten määrän mukaan
Tuloshistoriasi
Et ole pelannut tätä visaa